| 000 | 00869nam a2200265 i 4500 | ||
|---|---|---|---|
| 001 | bg | ||
| 100 | 1 | _aArtymiak, Jacek. | |
| 245 | 1 | 0 |
_aOpenBSD : _btworzenie firewalli za pomocą PF / _cJacek Artymiak. |
| 260 |
_aGliwice : _b"Helion", _c2005. |
||
| 490 | 1 | _aOpen Source | |
| 500 | _aPodtyt: "tajniki zabezpieczania systemu OpenBSD - konfigurowanie OpenBSD, projektowanie firewalli, definiowanie reguł filtrowania pakietów". | ||
| 504 | _aBibliogr. - Indeks. | ||
| 650 | 9 | _aOpenBSD | |
| 650 | 9 | _aZapora ogniowa (informat.) | |
| 655 | _aPodręczniki | ||
| 830 | _aOpen Source | ||
| 020 | _a8373616802 | ||
| 040 | _cBPK | ||
| 041 | 0 | _apol | |
| 080 | _a004.451:004.7:004.056](07) | ||
| 920 | _a83-7361-680-2 | ||
| 942 | _cKS | ||
| 008 | s pl f |000 0 pol | ||
| 999 |
_c45795 _d45795 |
||
| 856 |
_uhttp://koha.tu.koszalin.pl/cgi-bin/koha/opac-detail.pl?biblionumber=45795 _yKatalog online BPK |
||